Kvantovyje slučajnyje processy i otkrytyje sistemy Sbornik statej

Uložené v:
Podrobná bibliografia
Médium: Kniha
Jazyk:Russian
Vydavateľské údaje: Moskva Mir 1988
Vydanie:1. izd.
Tagy: Pridať tag
Žiadne tagy, Buďte prvý, kto otaguje tento záznam!

MARC

LEADER 00000nam a2200000 4500
001 c035101
005 20260202073223.4
041 0 |a rus 
044 |a RU 
245 1 0 |a Kvantovyje slučajnyje processy i otkrytyje sistemy  |b Sbornik statej 
250 |a 1. izd. 
264 1 |a Moskva  |b Mir  |c 1988 
300 |a 222 s.